000 00517nam a2200157 i 4500
001 49285
003 ES-MaACL
005 20230906161923.0
007 t|
008 030711s1958 sp ||||1| fre d
100 1 _aCortés, L.
_940863
245 1 0 _aCinquième congrès International de Toponymie et d'Anhroponymie
_b: actes et memoires /
_cL. Cortés ... [et al.].
260 _aSalamanca :
_bFilosofía y letras,
_c1958 (
_fJura)
300 _a426 p., 2 map. pleg. ;
_c25 cm.
852 _aES-MaACL
_jC-16529
_bR.44575
999 _c49285
_d49285